Stati per minore percentuale di Popolazione immigrata - Statistics

Statistiche generali
  • Questo quiz è stato fatto 10 volte
  • Il punteggio medio è 4 su 10
Statistiche sulle risposte
Popolazione immigrata (%) Continente Nazione % Corretto
0,2 Asia Cina
78%
0,0 America del Nord Cuba
56%
0,2 Asia Corea del Nord
44%
0,2 Asia Sri Lanka
44%
0,1 Asia Birmania
33%
0,2 America del Nord Haiti
33%
0,1 Asia Indonesia
33%
0,1 Asia Vietnam
33%
0,2 Asia Filippine
22%
0,1 Africa Madagascar
22%
Nessun quiz corrispondente trovato
Distribuzione punteggi
Percentuale di utenti per punteggio
Percentile per numero di risposta
I tuoi punteggi nel tempo
Non hai fatto questo quiz